Statistiques concernant Fleurs

Cliquez ici pour prendre le quiz!

Statistiques générales

  • Ce quiz a été pris 1 079 fois
  • Le résultat moyen est 28 sur 100

Statistiques - réponses

Réponse% Correct
Tournesol
93%
Lavande
89%
Rose
82%
Muguet
78%
Tulipe
78%
Pissenlit
76%
Marguerite
73%
Coquelicot
71%
Pensée
67%
Pâquerette
65%
Jonquille
64%
Lys
61%
Mimosa
56%
Hortensia
53%
Orchidée
49%
Chardon
47%
Jacinthe
45%
Lotus
44%
Œillet
44%
Bleuet
43%
Glycine
42%
Iris
41%
Arum
38%
Crocus
38%
Perce-neige
38%
Pivoine
38%
Violette
38%
Lupin
37%
Dahlia
36%
Hibiscus
33%
Edelweiss
31%
Passiflore
31%
Myosotis
30%
Primevère
30%
Capucine
29%
Lilas
29%
Glaïeul
28%
Aster
26%
Bégonia
26%
Digitale
26%
Oiseau de paradis
26%
Géranium
25%
Pétunia
25%
Camélia
24%
Magnolia
23%
Colchique
22%
Genêt
22%
Amaryllis
21%
Liseron
21%
Bougainvillée
19%
Chèvrefeuille
19%
Renoncule
19%
Soucis
19%
Rafflesia
18%
Anémone
17%
Camomille
17%
Cyclamen
17%
Allium
16%
Fuchsia
16%
Mauve
16%
Bourrache
15%
Jasmin
15%
Ylang-Ylang
15%
Frangipanier
14%
Pois de senteur
14%
Tiaré
14%
Agapanthe
13%
Anthurium
13%
Campanule
13%
Cosmos
13%
Gentiane
13%
Gerbera
13%
Immortelle
13%
Azalée
12%
Chrysanthème
12%
Clématite
12%
Gypsophile
11%
Héllébore
11%
Muflier
11%
Achillée
10%
Pavot
10%
Véronique
10%
Aloé
9%
Dent-de-chien
9%
Freesia
9%
Gardenia
9%
Onagre
9%
Chicorée
8%
Eucalyptus
8%
Fumeterre
8%
Lisianthus
8%
Nigelle
8%
Solidago
8%
Canna
7%
Crocosmia
7%
Dille
6%
Guzmania
6%
Héliconia
6%
Renouée
6%
Statice
4%

Distribution des résultats

Percentile par nombre de réponses

% des personnes avec chaque résultat

Votre développement - résultats

Vous n’avez pas pris ce quiz